UNDERSTANDING YOUR USERS A PRACTICAL GUI (Record no. 29213)

MARC details
000 -LEADER
fixed length control field 00363nam a2200145Ia 4500
008 - FIXED-LENGTH DATA ELEMENTS--GENERAL INFORMATION
fixed length control field 240624s9999 xx 000 0 und d
041 ## - LANGUAGE CODE
Language code of text/sound track or separate title eng
082 ## - DEWEY DECIMAL CLASSIFICATION NUMBER
Classification number 300.72 BAX
100 ## - MAIN ENTRY--PERSONAL NAME
Personal name BAXTER KATHY
245 ## - TITLE STATEMENT
Title UNDERSTANDING YOUR USERS A PRACTICAL GUI
250 ## - EDITION STATEMENT
Edition statement (2nd ed.)
260 ## - PUBLICATION, DISTRIBUTION, ETC.
Date of publication, distribution, etc. 2015
Place of publication, distribution, etc. Amsterdam
Name of publisher, distributor, etc. Morgan Kaufmann
300 ## - PHYSICAL DESCRIPTION
Extent 568 , p.
365 ## - TRADE PRICE
Currency code
Price amount 30
Holdings
Withdrawn status Lost status Damaged status Not for loan Home library Current library Shelving location Date acquired Cost, normal purchase price Full call number Barcode Date last seen Copy number Price effective from Koha item type
        IMTN IMTN Rack 5-A 08/31/2017 59.95 300.72 BAX 29213 06/24/2024 66.7 06/24/2024 Books
Designed & Maintained by: LRC IMT Nagpur Contact: lrc@imtnag.ac.in© 2024. All Rights Reserved.